Bücher aus dem NT - Bibel - Sudden Death - Statistiken

Allgemein
  • Dieses Quiz wurde 90 mal gespielt
  • Das Durchschnittsergebnis liegt bei 14 aus 27
Answers on the Grid
Answers color-coded by a green-red scale on the quiz's grid according to % correct below.
Genesis (1. Mose)
Exodus (2. Mose)
Levitikus (3. Mose)
Numeri (4. Mose)
Deuteronomium (5. Mose)
Josua
Richter
Rut/Ruth
1. Samuel
2. Samuel
1. Könige
2. Könige
1. Chronik
2. Chronik
Esra
Nehemia
Tobit
Judit/Judith
Ester/Esther
1. Makkabäer
2. Makkabäer
3. Makkabäer
4. Makkabäer
Hiob
Psalmen
Sprüche
Kohelet (Prediger)
Hoheslied
Weisheit Salomos
Jesus Sirach (Ecclesiasticus)
Jesaja
Jeremia
Klagelieder
Baruch
Ezechiel
Daniel
Hosea
Joel
Amos
Obadja
Jona
Micha
Nahum
Habakuk
Zefanja
Haggai
Sacharja
Maleachi
Matthäus
Markus
Lukas
Johannes
Apostelgeschichte
Römer
1. Korinther
2. Korinther
Galater
Epheser
Philipper
Kolosser
1. Thessalonicher
2. Thessalonicher
1. Timotheus
2. Timotheus
Titus
Philemon
Hebräer
Jakobus
1. Petrus
2. Petrus
1. Johannes
2. Johannes
3. Johannes
Judas
Offenbarung (Apokalypse)
 
Antwortstatistiken
Antwort % Korrekt
Lukas
71%
Apostelgeschichte
67%
Johannes
67%
Matthäus
67%
1. Johannes
64%
2. Korinther
62%
2. Johannes
60%
3. Johannes
60%
2. Petrus
58%
Markus
58%
1. Petrus
56%
Römer
56%
Epheser
55%
1. Korinther
53%
Philipper
53%
1. Thessalonicher
51%
Galater
51%
Offenbarung (Apokalypse)
51%
Jakobus
49%
2. Thessalonicher
47%
Kolosser
47%
1. Timotheus
45%
2. Timotheus
45%
Judas
40%
Hebräer
38%
Titus
38%
Philemon
33%
Keine übereinstimmenden Quizze gefunden
Verteilung der Resultate
Anzahl Personen mit jedem Resultat
Perzentil nach korrekt beantworteten Fragen
Ihre Resultats-Entwicklung
Sie haben dieses Quiz noch nicht gespielt